000 00432pab a2200157 454500
008 180718b1978 xxu||||| |||| 00| 0 eng d
100 _aPuranik, S.N.
245 _aAdministrative culture: Need for conceptual clarity and further research
260 _c1978
300 _ap.466-483.
362 _aApr-Jun
650 _aPublic administration
773 _aIndian Journal of Public Administration
908 _aN
909 _a88295
999 _c88295
_d88295